Welcome to CU Library Online Public Access Catalogue (OPAC)

THEOLOGICAL DICTIONARY OF THE OLD TESTAMENT (Record no. 7156)

MARC details
000 -LEADER
fixed length control field 00408nam a22001337a 4500
005 - DATE AND TIME OF LATEST TRANSACTION
control field 20250724182130.0
008 - FIXED-LENGTH DATA ELEMENTS--GENERAL INFORMATION
fixed length control field 250724b |||||||| |||| 00| 0 eng d
020 ## - INTERNATIONAL STANDARD BOOK NUMBER
International Standard Book Number 9780802823298
050 ## - LIBRARY OF CONGRESS CALL NUMBER
Classification number BS 440
Item number THE
245 ## - TITLE STATEMENT
Title THEOLOGICAL DICTIONARY OF THE OLD TESTAMENT
Statement of responsibility, etc. EDITED BY G. JOHANNES BOTTERWECK & HELMER RINGGREN
250 ## - EDITION STATEMENT
Edition statement VOL. 5
260 ## - PUBLICATION, DISTRIBUTION, ETC.
Place of publication, distribution, etc. MICHIGAN
Name of publisher, distributor, etc. WILLIAM B. EERDMAN
Date of publication, distribution, etc. c1986
942 ## - ADDED ENTRY ELEMENTS (KOHA)
Source of classification or shelving scheme Library of Congress Classification
Koha item type Reference
Suppress in OPAC No
999 ## -
-- 7156
-- 7156
Holdings
Withdrawn status Lost status Source of classification or shelving scheme Damaged status Not for loan Collection Home library Current library Shelving location Date acquired Total checkouts Full call number Barcode Date last seen Copy number Price effective from Koha item type
    Library of Congress Classification     Reference Undergraduate Library (Christ Temple) Undergraduate Library (Christ Temple) General stacks 07/24/2025   BS 440 THE ulct00004144 07/24/2025 1 07/24/2025 Reference
© 2023-2024 Copyright: Central University Libraries. All Rights Reserved | Created by: Mahone Tech Office